| 000 | 00000nam##2200000za#4500 |
| 001 | 9.572749 |
| 003 | CaOODSP |
| 005 | 20210624183352 |
| 007 | cr ||||||||||| |
| 008 | 150406|2007||||xxc|||||o f|0| 0 eng|d |
| 022 | |a1701-1280 |
| 040 | |aCaOODSP|beng |
| 043 | |an-cn--- |
| 086 | 1 |aFs70-4/2007-031E-PDF |
| 110 | 1 |aCanada. |bDepartment of Fisheries and Oceans. |
| 245 | 10|aProceedings of the workshop on long-range, low frequency acoustic fish detection : |h[electronic resource]|b29–31 January 2007, Radisson Suite Hotel, Halifax, Nova Scotia / |cNorman A. Cochrane and Gary D. Melvin, DFO convenors and proceedings editors. |
| 246 | 3 |aCompte rendu de l’atelier sur la détection acoustique des poissons à longue distance et basse fréquence |
| 260 | |aDartmouth - Nova Scotia : |bFisheries and Oceans Canada |cOctober 2007. |
| 300 | |a51p.|breferences |
| 490 | 1 |aCanadian Science Advisory Secretariat proceedings series|x1701-1280|v2007/031 |
| 546 | |aChiefly English, with bilingual foreword and summary. |
| 590 | |a11-32-Supp|b2011-12-20 |
| 720 | 1 |aMelvin, Gary D. |
| 720 | 1 |aCochrane, Norman A. |
| 830 | #0|aProceedings series (Canadian Science Advisory Secretariat)|x1701-1280|v2007/031|w(CaOODSP)9.506483 |
| 856 | 40|ahttp://publications.gc.ca|qPDF|s331 KB|uhttps://publications.gc.ca/collections/collection_2011/mpo-dfo/Fs70-4-2007-031-eng.pdf|y2007/031 |